Innsbruck Bushaltestellen - Statistiken

Allgemein
  • Dieses Quiz wurde 31 mal gespielt
  • Das Durchschnittsergebnis liegt bei 98 aus 269
Antwortstatistiken
Haltestellen % Korrekt
Hauptbahnhof
89%
Klinik/Universität
89%
Landesmuseum
83%
Sillpark
83%
Flughafen
78%
Maria-Theresien-Straße
78%
Westbahnhof
78%
Anichstraße/Rathausgalerien
72%
Museumstraße
72%
Rehgasse
72%
Allerheiligen
67%
DEZ Süd
67%
Marktplatz
67%
Technik
67%
Technik West
67%
Meinhardstraße
61%
Mitterweg
61%
Mühlau
61%
Mühlauer Brücke
61%
Polizeidirektion
61%
Sieglanger
61%
Terminal Marktplatz
61%
Tivoli Stadion
61%
Alpenzoo
56%
Cineplexx
56%
Kochstraße
56%
Leipziger Platz
56%
Mentlberg
56%
Nordkette
56%
Triumphpforte/Casino
56%
DEZ Ost
50%
Freibad Tivoli
50%
Fürstenweg
50%
Großer Gott
50%
Kranebitten Bahnhof
50%
Südring
50%
Wiesengasse
50%
Baggersee
44%
Lohbachsiedlung West
44%
Olympiaworld
44%
Rum Bahnhof
44%
Sadrach
44%
Sonnenstraße
44%
Allerheiligenhöfe
39%
Andechsstraße
39%
Botanikerstraße
39%
Burgenlandstraße
39%
Freiburger Brücke
39%
Grauer Stein
39%
Hafen
39%
Höttinger Kirchplatz
39%
Innrain/Campus WIFI
39%
Innstraße
39%
Leonhardweg
39%
Luigenstraße
39%
Mariahilfpark
39%
Messe Bahnhof
39%
Patscherkofel
39%
Pauluskirche
39%
Radetzkystraße
39%
Rum Sanatorium
39%
Völs Cyta Süd
39%
Westfriedhof
39%
Angergasse
33%
Bundesbahndirektion
33%
Chemieinstitut
33%
Claudiaplatz
33%
Geyrstraße
33%
Grabenweg
33%
Hörtnaglstraße
33%
Lohbachsiedlung Ost
33%
Mitterhoferstraße
33%
Schmelzergasse
33%
Speckweg
33%
Vögelebichl
33%
Völs Bahnhof/Landesstraße
33%
Aldrans Fagslung
28%
Anton-Rauch-Straße
28%
Arzl Ost
28%
Arzl West
28%
Brandjochstraße
28%
Dr.-Stumpf-Straße
28%
Exlgasse
28%
Haydnplatz
28%
Layrstraße
28%
Martin-Luther-Platz/HAK
28%
MED-EL
28%
Mitterweg Unterführung
28%
Riedgasse
28%
Schützenstraße
28%
St.Pirmin/Volkshaus
28%
Villa Blanka
28%
Dreiheiligenstraße
22%
Egerdachstraße
22%
Fischerhäuslweg
22%
Fischnalerstraße
22%
Hegnerstraße
22%
Igls Alte Talstation
22%
Kaiserschützenplatz
22%
Klammstraße
22%
Kugelfangweg
22%
Lönsstraße
22%
Pradler Straße
22%
Rennerschule
22%
Schutzengelkirche
22%
Sieglanger Schule
22%
Steinbockweg
22%
Tiergartenstraße
22%
Amraser Straße
17%
Bernhard-Höfel-Straße
17%
Chirurgie
17%
Hallenbad O-Dorf
17%
Klappholzstraße
17%
Klausener Straße
17%
Lahntalweg
17%
Langstraße
17%
Luis-Zuegg-Straße
17%
Mozartstraße
17%
Ölberg
17%
Reithmannstraße
17%
Rossau West
17%
Rum Murstraße
17%
Schloss Ambras
17%
Schloss Büchsenhausen
17%
Technologiezentrum Ost
17%
Technologiezentrum West
17%
Tschiggfreystraße
17%
Uni-Sportstätten
17%
Aldrans Dorfplatz
11%
Alois-Lugger-Platz
11%
Alois-Schrott-Straße
11%
Amras Ort
11%
Arthur-Haidl-Promenade
11%
Griesauweg
11%
Heiliggeiststraße
11%
Igls Altes Rathaus
11%
Ingenuin-Fischler-Straße
11%
Kalkofenweg
11%
Kranebitten Süd
11%
Kranebitterbodenweg
11%
Lans Römerstraße
11%
Neu-Rum Flurstraße
11%
Neu-Rum Kaplanstraße
11%
Neu-Rum Siemensstraße
11%
Peterbrünnl
11%
Pirmingasse
11%
Primelweg
11%
Romedihof
11%
Sebastian-Scheel-Straße
11%
Sillhöfe
11%
Theresienkirche
11%
Trientlgasse
11%
Unterbergerstraße
11%
Wohnheim Hötting
11%
Andreas-Dipauli-Straße
6%
Badhaussiedlung
6%
Berchtoldshof
6%
Etrichgasse
6%
Hans-Untermüller-Straße
6%
Helblingstraße
6%
Igls Ortsmitte
6%
Kajetan-Sweth-Straße
6%
Klammgründe
6%
Kraftwerk Untere Sill
6%
Lans Dorf
6%
Lanser Moos
6%
Lans Sennerei
6%
Olympiabrücke
6%
Pacherstraße
6%
Peterbrünnlweg
6%
Plattenhof
6%
Schlerngasse
6%
Templstraße
6%
Vill Dorfstraße
6%
Aldrans Felseneck
0%
Aldrans Freizeitzentrum
0%
Aldrans Haidegger
0%
Gluirschegg
0%
Hungerburg Terrassensdlg.
0%
Sistrans Dorf
0%
Sistrans Hackenhof
0%
Speikweg
0%
Keine übereinstimmenden Quizze gefunden
Verteilung der Resultate
Anzahl Personen mit jedem Resultat
Perzentil nach korrekt beantworteten Fragen
Ihre Resultats-Entwicklung
Sie haben dieses Quiz noch nicht gespielt